000 00930cam a2200229 a 4500
001 1452
003 BD-RjUL
005 20211208233335.0
008 160807s2009 bg b 000 0 eng
020 _a984074772X
035 _a(BD-RjUL)1475
040 _aBD-RjUL
_cBD-RjUL
_dBD-RjUL
_bben
041 _aben
082 0 0 _a301.072
_223
_bALS 2009
100 _aআলাউদ্দিন, মোহাম্মদ
_9116644
245 1 0 _aসামাজিক গবেষণা :
_bবৈজ্ঞানিক জ্ঞান অন্বেষণ পদ্ধতি /
_cমোহাম্মদ আলাউদ্দিন
260 _aঢাকা :
_bবাংলা একাডেমী,
_c২০০৯
300 _a৬, ২৭২ পৃ. :
_bচিত্র ;
_c২২ সেমি.
650 _aসমাজ বিজ্ঞান
_xগবেষণা
_9116645
650 _aSociology
_xResearch
_9116646
942 _2ddc
_cBK
_011
999 _c1452
_d1452